The great big enormous turnip / (Record no. 7406)

MARC details
000 -LEADER
fixed length control field 00966nam a22002897a 4500
001 - CONTROL NUMBER
control field 7406
003 - CONTROL NUMBER IDENTIFIER
control field FISKH
005 - DATE AND TIME OF LATEST TRANSACTION
control field 20250818160849.0
008 - FIXED-LENGTH DATA ELEMENTS--GENERAL INFORMATION
fixed length control field 250714b cb ||||| |||| 00| 0 eng d
020 ## - INTERNATIONAL STANDARD BOOK NUMBER
International Standard Book Number 9781841351926
040 ## - CATALOGING SOURCE
Original cataloging agency FISKH
Language of cataloging eng
Transcribing agency FISKH
Modifying agency FISKH
082 ## - DEWEY DECIMAL CLASSIFICATION NUMBER
Classification number 823.92
100 ## - MAIN ENTRY--PERSONAL NAME
Personal name Andrew, Jackie
245 ## - TITLE STATEMENT
Title The great big enormous turnip /
Statement of responsibility, etc. Rewrite by Jackie Andrews : Illustrated by Lawrie Taylor
260 ## - PUBLICATION, DISTRIBUTION, ETC.
Place of publication, distribution, etc. London :
Name of publisher, distributor, etc. Award Publications Limited ,
Date of publication, distribution, etc. 2003.
300 ## - PHYSICAL DESCRIPTION
Extent 32​ unnumbered pages :
Other physical details color illustrations ;
Dimensions 26 cm .
490 ## - SERIES STATEMENT
Series statement Award Young Readers
505 ## - FORMATTED CONTENTS NOTE
Formatted contents note F <br/>
520 ## - SUMMARY, ETC.
Summary, etc. The mouse added just the necessary weight to the line formed by all those trying to pull up the giant turnip.
521 8# - TARGET AUDIENCE NOTE
Target audience note 300 <br/>
Source Lexile estimate <br/>
521 8# - TARGET AUDIENCE NOTE
Target audience note F <br/>
Source Raz-Plus <br/>
650 ## - SUBJECT ADDED ENTRY--TOPICAL TERM
Topical term or geographic name entry element Turnip
Form subdivision Fiction
650 ## - SUBJECT ADDED ENTRY--TOPICAL TERM
Topical term or geographic name entry element Vegetables
Form subdivision Fiction
700 ## - ADDED ENTRY--PERSONAL NAME
Personal name Taylor, Lawrie
Relator term Illustrator
942 ## - ADDED ENTRY ELEMENTS (KOHA)
Source of classification or shelving scheme Dewey Decimal Classification
Koha item type Books
Suppress in OPAC No
Holdings
Withdrawn status Lost status Source of classification or shelving scheme Damaged status Not for loan Collection Home library Current library Shelving location Date acquired Total Checkouts Full call number Barcode Date last seen Price effective from Koha item type Copy number
    Dewey Decimal Classification     Juvenile Fiction Footprints International School Library Network Toul Kork Campus Footprints International School Library Network Toul Kork Campus TK Primary Library Room(4th Floor), Bookcase 7, Shelves 57-60, Dark Green Books 08/18/2025   AND 823.92 FISBK05599 08/18/2025 08/18/2025 Books 2
    Dewey Decimal Classification     Juvenile Fiction Footprints International School Library Network Toul Tom Poung Campus Footprints International School Library Network Toul Tom Poung Campus TTP Primary Green Bookshelves 07/14/2025   AND 823.92 FISBK05581 07/14/2025 07/14/2025 Books